| 000 | 00377nam a2200145Ia 4500 | ||
|---|---|---|---|
| 008 | 231129s2009||||xx |||||||||||||| ||spa|| | ||
| 020 | _a987-958-44-4832-3 | ||
| 040 | _bspa | ||
| 082 | _a811.4 D948d | ||
| 100 | _aDurán Tavera Rodrigo | ||
| 245 | 0 | _aDe áticos y azoteas: 1992-2006 | |
| 260 | _c2009 | ||
| 264 | _a/s.n./ | ||
| 942 |
_2ddc _cBKS |
||
| 999 |
_c8726 _d8726 |
||